The Byzantine empire /

محفوظ في:

المؤلف الرئيسي: Baynes, Norman Hepburn, 1877-1961 (مؤلف)

التنسيق: كتاب

اللغة: English

منشور في: London : Thornton Butterworth, c1935.

سلاسل: Home university library of modern knowledge.

الموضوعات:

الوسوم: إضافة وسم

لا توجد وسوم, كن أول من يضع وسما على هذه التسجيلة!

رقم الطلب: DF552.5 .B3 1935

LEADER 00675nam a2200229Ia 4500
001 6237
003 OSt
005 20260106141934.0
008 130303s1935 enk b 000 0 eng d
035 |a ocm18691769 
040 |c ARCE Library 
050 4 |a DF552.5 .B3 1935 
100 1 |a Baynes, Norman Hepburn,  |d 1877-1961,  |e author  |9 26430 
245 1 4 |a The Byzantine empire /  |c by Norman H. Baynes. 
264 1 |a London :  |b Thornton Butterworth,  |c c1935. 
300 |a 256 pages ;  |c 17 cm. 
490 0 |a Home university library of modern knowledge. 
504 |a Includes bibliographical references. 
651 0 |a Byzantine Empire. 
901 |a reviewed 
942 |c BK  |2 lcc 
999 |c 4897  |d 4897